000 00696nam a2200241 i 4500
001 140997
003 ES-MaACL
005 20230906200211.0
007 t|
008 070918s1978 sp ||||1| spa d
080 _a547.7(075.8)
100 1 _aYoung, D. W.
_9117682
245 1 0 _aQuímica de los heterociclos /
_cD. W. Young ; versión de M. T. García López.
250 _a[1ª ed.].
260 _a[Madrid] :
_bAlhambra,
_c[1978]
300 _aVII, 185 p. ;
_c20 cm.
490 1 _aExedra
650 4 _aCompuestos heterocíclicos.
_9150462
700 1 _aGarcía López, M. T.
_954848
830 0 _aExedra
_9177436
852 _aES-MaACL
_jA-8493
_bR.97425
999 _c140997
_d140997